banner-ar

WORLD BALLET AND DANCE 1993-1994: AN INTERNATIONAL YEARBOOK / (Record no. 25062)

MARC details
000 -الفاتح
حقل البيانات ثابتة الطول 00461nam a2200169Ia 4500
008 - عناصر البيانات ثابتة الطول - معلومات عامة
حقل البيانات ثابتة الطول 140319s9999 xx 000 0 eng d
040 ## - مصدر الفهرسة
وكالة الفهرسة الأصلية GCL /
وكالة النسخ GCL
082 04 - رقم تصنيف ديوى العشرى
رقم التصنيف 792.8
رقم المادة S W
100 1# - المدخل الرئيسى - إسم شخصى
الإسم الشخصى SCHONBERG, BENT
245 10 - بيان العنوان
العنوان WORLD BALLET AND DANCE 1993-1994: AN INTERNATIONAL YEARBOOK /
بيان المسئوليه,etc SCHONBERG, BENT
260 ## - PUBLICATION, DISTRIBUTION, ETC. (IMPRINT)
تاريخ النشر أو التوزيع 1994
300 ## - الوصف المادى
التعداد 225 P
650 04 - المدخل الاضافى بالموضوع-مصطلح موضوعى
مصطلح موضوعي BALLETS
650 04 - المدخل الاضافى بالموضوع-مصطلح موضوعى
مصطلح موضوعي DANCING
942 ## - عناصر المدخل الإضافي( كوها)
مصدر التصنيف او مخطط الترفيف Dewey Decimal Classification
Koha [default] item type كتاب
260 ## - PUBLICATION, DISTRIBUTION, ETC. (IMPRINT)
-- [S.N] :
-- OXFORD UNIVERSITY PRESS ،
Holdings
حالة التراجع حالة الفقد حالة تلف ليس للاعارة المكان المؤقت الموقع الحالى تاريخ الاكتساب اجمالي اﻻعارات رقم الطلب الباركود تاريخ اخر مشاهدة تاريخ تفعيل السعر نوع وعاء كوها
        مكتبة القاهرة الكبرى مكتبة القاهرة الكبرى 03/26/2014   792.8\S W 44238 03/26/2014 03/26/2014 كتاب

Powered By

EGPV